[Event "16th Vienna Open"]
[Site "Vienna AUT"]
[Date "2009.08.20"]
[Round "6"]
[White "Punzenberger,F"]
[Black "Opl,K"]
[Result "0-1"]
[WhiteElo "2201"]
[BlackElo "2350"]

1.d4 Nf6 2.c4 e6 3.Nf3 b6 4.g3 Ba6 5.b3 Bb4+ 6.Bd2 Be7 7.Bg2 O-O 8.O-O d5
9.Ne5 c5 10.dxc5 bxc5 11.Nc3 Bd6 12.f4 Bb7 13.Rc1 Nbd7 14.Nxd7 Qxd7 15.Qc2 d4
16.Ne4 Nxe4 17.Bxe4 Bxe4 18.Qxe4 Rae8 19.b4 f5 20.Qf3 Qa4 21.b5 Rf7 22.Qd3 g6
23.e4 a6 24.e5 Bc7 25.Qb3 axb5 26.cxb5 Ra8 27.Qxe6 Qxa2 28.Qc6 Rd8 29.Rf2 Qa7
30.Kg2 Bb6 31.h4 Qb7 32.Qxb7 Rxb7 33.Ra1 Kf7 34.Ra4 Ke6 35.Bc1 Kd5 36.Kf3 c4
37.Rfa2 Bc5 38.Ra8 Rdb8 39.Rxb8 Rxb8 40.Ra6 Rxb5 41.h5 Rb3+ 42.Kg2 Rb1  0-1

[Event "9th Open"]
[Site "Brasschaat BEL"]
[Date "2009.08.23"]
[Round "9"]
[White "Sadkowsky,D"]
[Black "Hetey,L"]
[Result "1/2-1/2"]
[WhiteElo "2277"]
[BlackElo "2352"]

1.d4 Nf6 2.c4 e6 3.Nf3 b6 4.g3 Ba6 5.Nbd2 c5 6.Bg2 Bb7 7.e4 cxd4 8.O-O Bc5
9.e5 Ng4 10.Nb3 Qc7 11.Bf4 Nc6 12.h3 Nh6 13.Nbxd4 Nxd4 14.Nxd4 Bxg2 15.Kxg2 Bxd4
16.Qxd4 Qc6+ 17.Kg1 Nf5 18.Qd3 h6  1/2-1/2

[Event "5th Geller Mem Open A"]
[Site "Odessa UKR"]
[Date "2009.08.24"]
[Round "5"]
[White "Bogatyrev,Sergei"]
[Black "Lushenkov,M"]
[Result "1/2-1/2"]
[WhiteElo "2285"]
[BlackElo "2464"]

1.d4 Nf6 2.c4 e6 3.Nf3 b6 4.g3 Ba6 5.Nbd2 Bb4 6.Qc2 Bb7 7.Bg2 Be4 8.Qb3 Bxd2+
9.Bxd2 d6 10.O-O Nbd7 11.Qe3 O-O 12.Rfd1 Re8 13.Bc3 Qe7 14.Rac1 h6 15.b3 a5
16.Bb2 Bb7 17.h3  1/2-1/2

[Event "IM"]
[Site "Dieppe FRA"]
[Date "2009.08.29"]
[Round "9"]
[White "Bersoult,F"]
[Black "D'Costa,L"]
[Result "0-1"]
[WhiteElo "2217"]
[BlackElo "2477"]

1.d4 Nf6 2.c4 e6 3.Nf3 b6 4.g3 Ba6 5.Qc2 Bb7 6.Bg2 c5 7.dxc5 Bxc5 8.O-O a6
9.a3 Be7 10.Nbd2 Qc7 11.b4 d6 12.Bb2 Nbd7 13.Rac1 Rc8 14.Qb1 O-O 15.e4 Qb8
16.Rfe1 Qa8 17.Nd4 Rc7 18.Qd3 Rfc8 19.Qe2 Ne8 20.N4b3 Bf8 21.f4 Qb8 22.Kh1 Ba8
23.Rf1 h6 24.Rfd1 Nef6 25.Nd4 Re8 26.e5 dxe5 27.fxe5 Bxg2+ 28.Kxg2 Nh7 29.N2f3 Qb7
30.Kg1 Rec8 31.Nb3 Be7 32.Rd4 a5 33.Bc3 axb4 34.axb4 Nhf8 35.Nbd2 Ng6 36.Rf1 Ra8
37.Rd3 Ra4 38.Rb1 Ra2 39.Qe3 Bf8 40.Bd4 Ne7 41.g4 b5 42.c5 Nd5 43.Qe4 Ra4
44.g5 Rxb4 45.gxh6 Nxc5  0-1

[Event "ch-POR"]
[Site "Amadora POR"]
[Date "2009.09.05"]
[Round "1"]
[White "Fernandes,Ant"]
[Black "Damaso,R"]
[Result "1/2-1/2"]
[WhiteElo "2409"]
[BlackElo "2404"]

1.d4 Nf6 2.Nf3 e6 3.c4 b6 4.g3 Ba6 5.Qc2 c5 6.Bg2 Nc6 7.dxc5 Bxc5 8.O-O Rc8
9.Qa4 Bb7 10.a3 O-O 11.Nc3 Be7 12.Bf4 Na5 13.Nd2 Bxg2 14.Kxg2 d5 15.cxd5 Nxd5
16.Nxd5 Qxd5+ 17.Kg1 Qc6  1/2-1/2

[Event "6th LGA Premium Cup"]
[Site "Nuernberg GER"]
[Date "2009.09.05"]
[Round "5"]
[White "Siebrecht,S"]
[Black "Menacher,M"]
[Result "1-0"]
[WhiteElo "2458"]
[BlackElo "2274"]

1.d4 Nf6 2.Nf3 e6 3.c4 b6 4.g3 Ba6 5.Qc2 Bb7 6.Bg2 Bb4+ 7.Bd2 Qe7 8.O-O O-O
9.Bg5 h6 10.Bxf6 Qxf6 11.Ng5 hxg5 12.Bxb7 Nc6 13.Bxa8 Nxd4 14.Qe4 c6 15.Bb7 d5
16.Qd3 Rb8 17.Ba6 e5 18.cxd5 cxd5 19.Nc3 e4 20.Nxd5  1-0

[Event "ch-POR"]
[Site "Amadora POR"]
[Date "2009.09.06"]
[Round "2"]
[White "Damaso,R"]
[Black "Andrade,Jo"]
[Result "1/2-1/2"]
[WhiteElo "2404"]
[BlackElo "2259"]

1.Nf3 Nf6 2.d4 e6 3.c4 b6 4.g3 Ba6 5.Qc2 c5 6.d5 exd5 7.cxd5 Bb7 8.Bg2 Nxd5
9.O-O Be7 10.Rd1 Nc6 11.a3  1/2-1/2

[Event "TCh-SRB 1st League"]
[Site "Kragujevac SRB"]
[Date "2009.09.06"]
[Round "6"]
[White "Perunovic,Mio"]
[Black "Arsovic,G"]
[Result "1/2-1/2"]
[WhiteElo "2439"]
[BlackElo "2439"]

1.d4 Nf6 2.Nf3 e6 3.c4 b6 4.g3 Ba6 5.b3 Bb7 6.Bg2 Bb4+ 7.Bd2 a5 8.O-O O-O
9.Nc3 Bxc3 10.Bxc3 Be4 11.Qd2 d6 12.Rfe1 Nbd7 13.Bf1 h6 14.Rad1 Re8 15.Qb2 Qb8
16.Nd2 Bb7 17.e4 e5 18.Bg2 c6 19.Bh3 b5 20.Qc2 Qa7  1/2-1/2

[Event "TCh-SRB 1st League"]
[Site "Kragujevac SRB"]
[Date "2009.09.08"]
[Round "7"]
[White "Ilincic,Z"]
[Black "Rajkovic,Du"]
[Result "0-1"]
[WhiteElo "2474"]
[BlackElo "2472"]

1.d4 Nf6 2.c4 e6 3.Nf3 b6 4.g3 Ba6 5.Qa4 c6 6.Nc3 b5 7.cxb5 cxb5 8.Nxb5 Qb6
9.e3 Bb7 10.Be2 Bc6 11.d5 Nxd5 12.Nfd4 Bb4+ 13.Bd2 a6 14.Bxb4 axb5 15.Qb3 Nxb4
16.Qxb4 Bxh1 17.f3 Nc6 18.Qxb5 Qxb5 19.Nxb5 Nb4 20.Kf2 Rxa2 21.Rb1 Bxf3 22.Kxf3 Ke7
23.Nc3 Ra5 24.Kf2 Rb8 25.Ke1 f5 26.Kd2 Rb6 27.Bc4 g5 28.Rf1 g4 29.Rf4 d5
30.Be2 h5 31.Rf1 Na2 32.Nd1 Rc5 33.Rf4 Nc1 34.Bf1 Nb3+ 35.Kd3 Rc1 36.Be2 Ra1
37.Kc2 Rc1+ 38.Kd3 Rbc6 39.Nc3 Rh1 40.Rf2 h4 41.gxh4 Rc8 42.Bf1 Rh8 43.Na4 Rxh4
44.Kc3 d4+ 45.Kxb3 dxe3 46.Rf4 R4xh2 47.Nc3 Rf2  0-1

[Event "TCh-SRB 1st League"]
[Site "Kragujevac SRB"]
[Date "2009.09.11"]
[Round "10"]
[White "Rajkovic,Du"]
[Black "Kovacevic,A"]
[Result "0-1"]
[WhiteElo "2472"]
[BlackElo "2562"]

1.d4 Nf6 2.c4 e6 3.Nf3 b6 4.g3 Ba6 5.Qc2 Bb7 6.Bg2 c5 7.d5 exd5 8.cxd5 Nxd5
9.O-O Be7 10.Ne5 Qc7 11.Qe4 f6 12.Nc4 Bc6 13.Qg4 O-O 14.e4 f5 15.exf5 Nf6
16.Qh3 Bxg2 17.Qxg2 Qc6 18.Re1 Qxg2+ 19.Kxg2 Nc6 20.Nc3 d5 21.Re6 Nd4 22.Rxe7 dxc4
23.Bg5 Nxf5 24.Re5 Nd4 25.Bxf6 gxf6 26.Re7 Rf7 27.Rae1 Kf8 28.R7e4 Rd8 29.a4 a6
30.h3 b5 31.axb5 axb5 32.Ra1 b4 33.Nd1 Nb3 34.Ra6 f5 35.Re1 f4 36.gxf4 Rxf4
37.Kg3 Rf7 38.Ne3 Nd2 39.Ng4 c3 40.bxc3 b3 41.Rb6 Re7 42.Rxe7 Kxe7 43.Ne5 Rd6
44.Rb7+ Ke6 45.f4 Kf5 46.Rb8 c4 47.Rb4 Ra6 48.Rb5 Ke4 49.Kg4 Rf6 50.Nxc4 Nxc4
51.Rxb3 Ne3+ 52.Kh5 Nd5 53.Rb7 Nxf4+ 54.Kh4 Rh6+ 55.Kg3 Rg6+ 56.Kh4 h6 57.Re7+ Kf3
58.Re5 Rg7  0-1

[Event "ch-POR"]
[Site "Amadora POR"]
[Date "2009.09.13"]
[Round "9"]
[White "Santos,AntonioP"]
[Black "Viela,A"]
[Result "1-0"]
[WhiteElo "2264"]
[BlackElo "2219"]

1.d4 Nf6 2.c4 e6 3.Nf3 b6 4.g3 Ba6 5.Qc2 d5 6.cxd5 exd5 7.Bg2 c6 8.O-O Be7
9.Ne5 Bb7 10.Nc3 O-O 11.Bg5 Nbd7 12.f4 c5 13.e3 Re8 14.Rad1 c4 15.Nxc4 Ba6
16.Ne5 Bxf1 17.Rxf1 Rc8 18.Qb3 Nxe5 19.fxe5 Ne4 20.Nxe4 dxe4 21.Qxf7+ Kh8
22.Bxe7 Rxe7 23.Qf5 Qg8 24.Bxe4 Ree8 25.Qf7 Rcd8 26.Qxg8+ Kxg8 27.Bc2 h6
28.Bb3+ Kh7 29.e6 a5 30.a4 h5 31.d5 Rd6 32.e4 Red8 33.e7 Re8 34.e5 Rd7 35.d6 Kh6
36.Rf7 Kg6 37.h4 Kh6 38.Be6  1-0

[Event "7th ch-Mediterranean"]
[Site "Rijeka CRO"]
[Date "2009.09.14"]
[Round "5"]
[White "Bodiroga,P"]
[Black "Zorko,Ju"]
[Result "0-1"]
[WhiteElo "2410"]
[BlackElo "2430"]

1.d4 Nf6 2.c4 e6 3.Nf3 b6 4.g3 Ba6 5.Qc2 Bb7 6.Bg2 c5 7.d5 exd5 8.cxd5 Nxd5
9.O-O Be7 10.Rd1 Nc6 11.Qf5 Nf6 12.e4 g6 13.Qf4 Nh5 14.Qh6 Bf8 15.Qd2 Ng7
16.Qc3 b5 17.b3 f6 18.e5 Be7 19.Nbd2 f5 20.Nf1 Ne6 21.Bh6 Ncd4 22.Nxd4 cxd4
23.Qd3 Bxg2 24.Kxg2 Qb6 25.Qf3 Qc6 26.Nd2 Bb4 27.a4 Bxd2 28.Bxd2 bxa4 29.Rxa4 O-O
30.Rc1 Qxf3+ 31.Kxf3 Rfb8 32.b4 Rb5 33.Ke2 Rxe5+ 34.Kd3 Rb5 35.Rca1 Rb7 36.Bf4 Rc8
37.Bd2 Rcc7 38.Ra5 Kf7 39.h4 h5 40.f3 Ke7 41.g4 hxg4 42.fxg4 fxg4 43.Rg1 Rc8
44.Rxg4 Rh8 45.Ra6 Kf7 46.Ra1 Rh5 47.Rf1+ Rf5 48.Rxf5+ gxf5 49.Rg1 Kf6 50.h5 Rb8
51.h6 Rh8 52.Ra1 f4 53.Rxa7 Rxh6 54.Rxd7 Ke5 55.Rf7 Rh3+ 56.Kc4 Rh2 57.Kd3 Rh3+
58.Kc4 Ke4 59.Rf6 Ke5 60.Rf7 Rh2 61.Kd3 Rh1 62.Re7 Kf6 63.Ra7 f3 64.Be3 Ng5
65.Ra5 Re1  0-1

[Event "ch-NED w"]
[Site "Haaksbergen NED"]
[Date "2009.09.17"]
[Round "7"]
[White "Middelveld,M"]
[Black "Van Weersel,A"]
[Result "1-0"]
[WhiteElo "2078"]
[BlackElo "2209"]

1.d4 Nf6 2.c4 e6 3.Nf3 b6 4.g3 Ba6 5.Qc2 Bb7 6.Bg2 c5 7.O-O Nc6 8.dxc5 bxc5
9.Nc3 Be7 10.b3 O-O 11.Bb2 h6 12.Rad1 a6 13.Rfe1 Qc7 14.e4 d6 15.h3 e5 16.Nd5 Nxd5
17.exd5 Nd4 18.Nxd4 cxd4 19.Be4 a5 20.Bc1 Bc8 21.g4 Ra7 22.f4 Bh4 23.Rf1 Qc5
24.Qd3 f5 25.gxf5 Bf6 26.Kh1 Kf7 27.Bd2 Ba6 28.Rc1 Rb7 29.fxe5 dxe5 30.Qg3 Ke7
31.Qe1 Rb4 32.Bxb4 axb4 33.Ra1 Rb8 34.Rf3 Bc8 35.Qc1 Kd8 36.a3 Ra8 37.axb4 Rxa1
38.Qxa1 Qxb4 39.Qd1 Bd7 40.Rd3 Be8 41.Kg2 Bg5 42.Kf1 Bd7 43.Qe1 Qc5 44.Rd1 Ke7
45.Bd3 Kf6 46.Ra1 Qb6 47.Qa5 Qxb3 48.Qd8+ Kf7 49.Qxd7+ Kg8 50.Qe8+ Kh7 51.Qg6+ Kg8
52.Ra8+  1-0

[Event "Uxbridge Congress Open"]
[Site "Uxbridge ENG"]
[Date "2009.09.19"]
[Round "3"]
[White "Gibson,Ch"]
[Black "Adair,J"]
[Result "0-1"]
[WhiteElo "1970"]
[BlackElo "2138"]

1.d4 Nf6 2.c4 e6 3.Nf3 b6 4.g3 Ba6 5.b3 b5 6.cxb5 Bxb5 7.Bg2 d5 8.O-O Nbd7
9.Nc3 Ba6 10.Re1 Be7 11.Bb2 O-O 12.Rc1 c5 13.Na4 Rc8 14.dxc5 Nxc5 15.Nxc5 Bxc5
16.a3 Qe7 17.b4 Bb6 18.Rxc8 Rxc8 19.Qa4 Bb7 20.Ne5 h6 21.e3 Ne4 22.b5 Nd6
23.Qb4 Qd8 24.Qg4 f5 25.Qg6 Qe7 26.a4 Nc4 27.Nxc4 Rxc4 28.Rc1 Rg4 29.Qh5 Rxa4
30.Qe2 Ra2 31.Ra1 Rxa1+ 32.Bxa1 e5 33.Qd3 Qe6 34.Qc2 f4 35.gxf4 exf4 36.exf4 Qe1+  0-1

[Event "Uxbridge Congress Open"]
[Site "Uxbridge ENG"]
[Date "2009.09.20"]
[Round "5"]
[White "Arkell,K"]
[Black "Burrows,M"]
[Result "1-0"]
[WhiteElo "2478"]
[BlackElo "2172"]

1.d4 Nf6 2.Nf3 e6 3.c4 b6 4.g3 Ba6 5.b3 Bb4+ 6.Bd2 Be7 7.Bc3 d5 8.cxd5 exd5
9.Bg2 O-O 10.O-O Nbd7 11.Nbd2 Rc8 12.b4 c5 13.bxc5 bxc5 14.Re1 Bb7 15.Rb1 Bc6
16.dxc5 Nxc5 17.Nb3 Nce4 18.Ba5 Qd6 19.Nfd4 Bd7 20.Qd3 Rc4 21.Red1 Rfc8 22.Qf3 Qe5
23.Be1 h5 24.Qf4 Qxf4 25.gxf4 Ra4 26.Nc1 Bc5 27.Ncb3 Rxa2 28.Nxc5 Rxc5 29.Ra1 Rxa1
30.Rxa1 Rc7 31.e3 Nc5 32.Bf1 Rb7 33.f3 Na4 34.Bd3 Nc5 35.Bc2 Ne6 36.Nxe6 fxe6
37.Ra3 Kf7 38.Bc3 Bb5 39.Bd4 a6 40.f5 exf5 41.Bxf5 Rc7 42.Ra2 Re7 43.Kf2 Bc4
44.Rb2 Bb5 45.Kg3 Re8 46.Rc2 Re7 47.Kf4 Bc4 48.Rb2 Bb5 49.Kg5 Rc7 50.Rb1 Be2
51.Kf4 Bb5 52.h4 Rc6 53.Rg1 Be2 54.Rg2 Bf1 55.Rb2 Bb5 56.Ke5 Rc1 57.Rg2 Rh1
58.Be6+ Ke8 59.Rxg7 Nd7+ 60.Kd6 Nf8 61.Re7+ Kd8 62.Bb6+  1-0

[Event "TCh-ROU w Superliga"]
[Site "Eforie Nord ROU"]
[Date "2009.09.22"]
[Round "4"]
[White "Olarasu,Io"]
[Black "Jackova,J"]
[Result "0-1"]
[WhiteElo "1769"]
[BlackElo "2393"]

1.d4 Nf6 2.c4 e6 3.Nf3 b6 4.g3 Ba6 5.b3 Bb7 6.Bg2 Bb4+ 7.Bd2 a5 8.O-O O-O
9.a3 Bxd2 10.Qxd2 d6 11.Nc3 Nbd7 12.Rfe1 Ne4 13.Nxe4 Bxe4 14.Ng5 Bxg2 15.Kxg2 h6
16.Nf3 f5 17.b4 Qe8 18.Ra2 Nf6 19.Qc2 Qc6 20.Rc1 axb4 21.axb4 Rxa2 22.Qxa2 Ra8
23.Qb2 Ra4 24.Kg1 Qa8 25.Qb3 Ra3 26.Qc2 Ra2 27.Qd3 Qe4 28.Re1 Rb2 29.b5 Ng4
30.Qxe4 fxe4 31.Nh4 Rc2 32.h3 Nf6 33.e3 g5 34.Ng2 Rxc4 35.Rb1 Rc2 36.Ne1 Ra2
37.Kf1 Nd5 38.Rb3 Kf7 39.g4 Ke7 40.Kg2 Kd7 41.Kg3 c5 42.bxc6+ Kxc6 43.f4 b5
44.fxg5 hxg5 45.h4 gxh4+ 46.Kxh4 Re2  0-1

[Event "TCh-ROU Superliga"]
[Site "Eforie Nord ROU"]
[Date "2009.09.26"]
[Round "8"]
[White "Fridman,D2"]
[Black "Miroshnichenko,E"]
[Result "1/2-1/2"]
[WhiteElo "2661"]
[BlackElo "2690"]

1.d4 Nf6 2.c4 e6 3.Nf3 b6 4.g3 Ba6 5.b3 Bb4+ 6.Bd2 Be7 7.Nc3 d5 8.cxd5 exd5
9.Bg2 O-O 10.O-O Re8 11.Ne5 Bb7 12.Rc1 Na6 13.Bf4 c5 14.Nb5 Ne4 15.dxc5 Bxc5
16.Nd3 Qd7 17.a4 d4 18.b4 Nxb4 19.Nxb4 Bxb4 20.Rc7 Qd5 21.Qxd4 Qxd4 22.Nxd4 Ba6
23.Nb5 Bc5 24.Rxc5 Nxc5 25.Bxa8 Rxa8 26.Nc7 Rd8 27.Nxa6  1/2-1/2

[Event "TCh-ISL 2009-10"]
[Site "Rekjavik ISL"]
[Date "2009.09.27"]
[Round "4"]
[White "Henrichs,T"]
[Black "Kjartansson,G"]
[Result "1/2-1/2"]
[WhiteElo "2461"]
[BlackElo "2413"]

1.d4 Nf6 2.c4 e6 3.Nf3 b6 4.g3 Ba6 5.Qc2 Bb4+ 6.Bd2 Be7 7.Bg2 d5 8.cxd5 exd5
9.Bf4 Bd6 10.Qa4+ c6 11.Bxd6 Qxd6 12.Nc3 O-O 13.O-O Re8 14.Rfe1 Bb7 15.Rac1 Nbd7
16.e3 a6 17.Qb3 c5 18.Qa3 Rad8 19.Red1 Qb8 20.b3 Ne4 21.dxc5 Ndxc5 22.Qb4 Re6
23.Qd4 Red6 24.Ne2 a5 25.Nf4 h6 26.Qb2 Ne6 27.Nh5 N4g5 28.Nd4 Nxd4 29.Qxd4 Ne6
30.Qg4 d4 31.Bxb7 Qxb7 32.Nf6+ Kh8 33.Qe4 Qxe4 34.Nxe4  1/2-1/2

[Event "Open"]
[Site "Baku AZE"]
[Date "2009.09.28"]
[Round "8"]
[White "Nigalidze,G"]
[Black "Ibrahimov,R"]
[Result "0-1"]
[WhiteElo "2453"]
[BlackElo "2553"]

1.d4 Nf6 2.c4 e6 3.Nf3 b6 4.g3 Ba6 5.b3 Bb4+ 6.Bd2 Be7 7.Bg2 c6 8.Bc3 d5
9.Ne5 O-O 10.Nd2 Bb7 11.O-O Nbd7 12.e4 Rc8 13.Nxd7 Qxd7 14.e5 Ne8 15.Qg4 Nc7
16.Rad1 Rfd8 17.h4 Qe8 18.h5 h6 19.Bb2 a5 20.f4 Rb8 21.Qe2 a4 22.g4 axb3
23.axb3 c5 24.Kh2 dxc4 25.Nxc4 Bxg2 26.Qxg2 cxd4 27.Bxd4 Nd5 28.g5 Kh7 29.gxh6 g6
30.f5 g5 31.Qe4 Kxh6 32.f6 Bc5 33.Rg1 Qg8 34.Rg3 Nf4 35.Ne3 Rxd4 36.Rxd4 Bxd4
37.Qxd4 Rd8 38.Qe4 Rd2+ 39.Kh1 Ra2 40.Nc4 Nxh5 41.Rd3 Ra1+ 42.Kh2 Qg6 43.Qxg6+ Kxg6
44.Nxb6 g4 45.Rd2 Rb1 46.Nc4 Rxb3 47.Rd4 Kf5 48.Rd2 Nf4 49.Rd1 g3+ 50.Kg1 Kg4
51.Rf1 Rc3 52.Nd6 Nh3+ 53.Kh1 Rc2  0-1

[Event "Chigorin Mem Open"]
[Site "St Petersburg RUS"]
[Date "2009.10.23"]
[Round "8"]
[White "Khakimov,T"]
[Black "Lanin,A"]
[Result "1/2-1/2"]
[WhiteElo "2291"]
[BlackElo "2446"]

1.d4 Nf6 2.Nf3 e6 3.c4 b6 4.g3 Ba6 5.b3 Bb4+ 6.Bd2 Be7 7.Nc3 c6 8.e4 d5 9.Bd3 dxe4
10.Nxe4 Nbd7 11.Qe2 c5 12.Bc3 cxd4 13.Nxd4 Bb7 14.O-O-O Nc5 15.Nxc5 bxc5
16.Nf3 Qc7 17.Rhe1 Bxf3 18.Qxf3 O-O 19.Be5 Qa5 20.Kb2 Rad8 21.g4 Nd7 22.Bc3 Qb6
23.h4 a5 24.g5 Nb8 25.Qe4 g6 26.Qe5 Rd4 27.Bxd4 cxd4 28.Qb5 Qc7 29.Qe5 Qb6
30.Qb5 Qc7 31.Qe5 Qb6 32.h5 Nd7 33.Qe4  1/2-1/2

[Event "8th TCh-Eur w"]
[Site "Novi Sad SRB"]
[Date "2009.10.28"]
[Round "7"]
[White "Schuurman,P"]
[Black "Kopinits,A"]
[Result "1-0"]
[WhiteElo "2348"]
[BlackElo "2254"]

1.d4 Nf6 2.Nf3 e6 3.c4 b6 4.g3 Ba6 5.Qc2 Bb4+ 6.Bd2 Be7 7.e4 d5 8.cxd5 Bxf1
9.Kxf1 exd5 10.e5 Ne4 11.Nc3 Nxc3 12.bxc3 Qd7 13.Kg2 Nc6 14.c4 O-O-O 15.Rhc1 dxc4
16.Qxc4 Kb7 17.a4 a5 18.Rab1 Bb4 19.Bg5 Ne7 20.Bxe7 Qxe7 21.Qc6+ Kb8 22.d5 Qd7
23.Qc4 Kb7 24.Rd1 h5 25.h4 Rh6 26.Ng5 Re8 27.f4 Rg6 28.Rbc1 Bc5 29.Qe4 Rxg5
30.hxg5 h4 31.f5 hxg3 32.Rc3 f6 33.d6+ c6 34.e6 Qd8 35.Rxc5 bxc5 36.Rb1+  1-0

[Event "8th TCh-Eur w"]
[Site "Novi Sad SRB"]
[Date "2009.10.29"]
[Round "8"]
[White "Houska,Jo"]
[Black "Jonoska,K"]
[Result "1/2-1/2"]
[WhiteElo "2381"]
[BlackElo "2023"]

1.d4 e6 2.Nf3 Nf6 3.c4 b6 4.g3 Ba6 5.b3 b5 6.cxb5 Bxb5 7.Bg2 d5 8.O-O Be7
9.Nc3 Ba6 10.Ne5 O-O 11.Na4 Nfd7 12.Nd3 Nc6 13.Bb2 Nb4 14.Ndc5 Bb5 15.Nxd7 Bxd7
16.Nc5 a5 17.Qd2 Na6 18.e4 Nxc5 19.dxc5 Bc6 20.Rad1 Bf6 21.exd5 Bxb2 22.Qxb2 Bxd5
23.Bxd5 exd5 24.Rfe1 c6 25.Re3 Re8 26.Rde1 Qd7 27.Qd2 Re6 28.h4 a4 29.Rxe6 fxe6
30.bxa4 Rxa4 31.Qb2 h6 32.Qb8+ Kh7 33.Qb1+ Kg8 34.Qg6 Qf7 35.Qxe6 Qxe6 36.Rxe6 Rxa2
37.Rxc6 Rc2 38.Kg2 Rc3 39.h5 Kf7 40.g4 d4 41.f4 d3 42.Kf3 d2+ 43.Ke2 Rd3
44.Kd1 Rd4 45.Rg6 Rd5 46.c6 Rd4 47.f5 Rd5 48.g5 hxg5 49.Rxg5 Rc5 50.Kxd2 Rxc6
51.Kd3 Ra6 52.Ke4 Ra4+ 53.Kf3 Ra3+ 54.Kg4 Ra4+ 55.Kg3 Ra3+ 56.Kh4 Ra4+ 57.Rg4 Ra5
58.Kg5 Ra1 59.Rg2 Rb1 60.Rg4 Ra1 61.Rb4 Rg1+ 62.Kf4 Rh1 63.Rb7+ Kf6 64.Rb6+ Kf7
65.Rb7+ Kf6 66.Rb6+ Kf7 67.Kg4 Rg1+ 68.Kf3 Rf1+ 69.Ke4 Rh1 70.Rb7+ Kf6 71.Rb6+ Kf7
72.Rb7+ Kf6 73.Rb6+ Kf7 74.Ke5 Rxh5 75.Rb7+  1/2-1/2

[Event "IV Open"]
[Site "Bogota COL"]
[Date "2009.10.30"]
[Round "3"]
[White "Rivera,A"]
[Black "Morales,Jh"]
[Result "0-1"]
[WhiteElo "2389"]
[BlackElo "2262"]

1.d4 Nf6 2.Nf3 e6 3.c4 b6 4.g3 Ba6 5.Qa4 Bb7 6.Bg2 c5 7.O-O cxd4 8.Nxd4 Bxg2
9.Kxg2 Qc7 10.Rd1 Be7 11.Nc3 O-O 12.Bg5 Rc8 13.Rac1 Qb7+ 14.f3 a6 15.Bxf6 Bxf6
16.Ne4 Be7 17.Nb3 Qc6 18.Qxc6 Rxc6 19.Nf2 Kf8 20.Nd3 Ke8 21.e4 Ra7 22.Nd4 Rc8
23.Rc3 Rac7 24.Rdc1 d6 25.f4 Nd7 26.e5 dxe5 27.fxe5 Nc5 28.Nxc5 Bxc5 29.Ne2 Bb4
30.Rb3 Ba5 31.Kf3 Rxc4 32.Rxc4 Rxc4 33.Nc3 Bxc3 34.bxc3 b5 35.Ra3 Rc6 36.Ke3 f5
37.exf6 gxf6  0-1

[Event "8th TCh-Eur w"]
[Site "Novi Sad SRB"]
[Date "2009.10.30"]
[Round "9"]
[White "Porat,Ma"]
[Black "Rakic,Ma"]
[Result "1/2-1/2"]
[WhiteElo "2192"]
[BlackElo "2323"]

1.d4 Nf6 2.Nf3 e6 3.c4 b6 4.g3 Ba6 5.b3 b5 6.cxb5 Bxb5 7.Bg2 Bb4+ 8.Bd2 Bxd2+
9.Nfxd2 Bc6 10.e4 Qc8 11.O-O O-O 12.Nc3 Qb7 13.a3 a5 14.Re1 d6 15.Nc4 Nbd7
16.Rb1 d5 17.exd5 Nxd5 18.Nxd5 Bxd5 19.Bxd5 Qxd5 20.Ne3 Qe4 21.Rc1 Rfd8 22.Qg4 Nf6
23.Qxe4 Nxe4 24.Red1 Rab8 25.Rd3 c5 26.f3 cxd4 27.fxe4 dxe3 28.Rxd8+ Rxd8
29.Rc3 Rd1+ 30.Kg2 f6 31.Rxe3 Ra1 32.a4 Ra2+ 33.Kg1 Kf7 34.Rc3 Rb2 35.Rc7+ Kg6
36.Rb7 h5 37.Rb6 Kg5 38.h3 h4 39.gxh4+ Kxh4 40.Rxe6 Kg3 41.Kf1 Kf3 42.Kg1 Rxb3
43.Re7 Rb1+ 44.Kh2 Rb2+ 45.Kg1 Rg2+ 46.Kh1 Rg5 47.Kh2 Kf4 48.Re8 Re5 49.Rg8 g5
50.Rf8 Re6 51.Ra8 Rxe4 52.Rxa5 f5 53.Ra8 Re2+ 54.Kg1 Ra2 55.Ra5 Ke4 56.Kh1 Ra3
57.Kg2 Ra2+ 58.Kh1 Kf4 59.Kg1 Kg3 60.Rxf5 Ra1+ 61.Rf1 Rxa4 62.Rb1 Ra3 63.Rc1 Kxh3
64.Rb1 g4 65.Rc1 Rg3+ 66.Kh1 Rf3 67.Kg1 Ra3 68.Rb1 Kg3 69.Rc1 Kf3 70.Rf1+ Kg3
71.Rb1  1/2-1/2

[Event "IV Open"]
[Site "Bogota COL"]
[Date "2009.11.01"]
[Round "7"]
[White "Garcia,Alv COL"]
[Black "Morales,Jh"]
[Result "0-1"]
[WhiteElo "2222"]
[BlackElo "2262"]

1.d4 Nf6 2.c4 e6 3.Nf3 b6 4.g3 Ba6 5.b3 Bb7 6.Bg2 Bb4+ 7.Bd2 a5 8.O-O O-O
9.a3 Be7 10.Nc3 d5 11.Ne5 Qc8 12.cxd5 exd5 13.Qb1 Qe6 14.Rc1 Na6 15.e3 Rad8
16.Be1 Rb8 17.Qd3 Bd6 18.f4  0-1

[Event "3rd Asian Indoor Team Rapid Prelim"]
[Site "Ha Long City VIE"]
[Date "2009.11.05"]
[Round "4"]
[White "Sachdev,T"]
[Black "Zhao Xue"]
[Result "0-1"]
[WhiteElo "2399"]
[BlackElo "2506"]

1.d4 Nf6 2.c4 e6 3.Nf3 b6 4.g3 Ba6 5.b3 b5 6.cxb5 Bxb5 7.Bg2 d5 8.Nc3 Ba6
9.O-O Nbd7 10.Re1 Be7 11.Bb2 O-O 12.Rc1 c5 13.dxc5 Nxc5 14.Nd4 Bb7 15.b4 Ncd7
16.b5 Nb6 17.Na4 Qd7 18.Nc6 Rfc8 19.Nxe7+ Qxe7 20.Nxb6 axb6 21.Rxc8+ Rxc8
22.Qd4 Qd6 23.e4 Rc4 24.Qd1 Qb4 25.Bxf6 gxf6 26.exd5 Bxd5 27.Bxd5 Rd4 28.Qb1 Qxb1
29.Rxb1 Rxd5 30.Rb4 Kf8 31.a4 Rc5 32.Kf1 Ke7 33.Rd4 Rc2 34.Rh4 Ra2 35.Rc4 f5
36.Rc6 Rxa4 37.Rxb6 Kf6 38.Rb7 Ra2 39.h4 Rb2 40.Kg2 h6 41.Kf3 Rb3+ 42.Ke2 Rb2+
43.Ke3 Rb3+ 44.Ke2 Rb2+ 45.Ke3 Rb3+ 46.Ke2 h5 47.Rb8 f4 48.gxf4 Kf5 49.Rg8 f6
50.Rb8 Kxf4 51.b6 Rb2+ 52.Kd3 f5 53.b7 e5 54.Kc3 Rb1 55.Kc4 e4 56.Kd4 Rb2
57.Kc3 Rb6 58.Kd4 Rb1 59.Kc3 Rc1+ 60.Kd2 Rc7 61.Ke2 Rg7 62.Kd2 Rd7+ 63.Ke2 Rg7
64.Kd2 Rc7 65.Kd1 Kf3 66.Rf8 Rxb7 67.Rxf5+ Kg4 68.Re5 Rb4 69.Rg5+ Kxh4 70.Rg7 Rb5
71.Re7 Kg4 72.Ke2 Kf4 73.Rf7+ Rf5 74.Rh7 Re5 75.Rf7+ Rf5 76.Rh7 Kg4 77.Rg7+ Kh3
78.Ke3 h4 79.Kxe4 Rxf2 80.Ke3 Rf8 81.Ke2 Kh2 82.Rg6 Rf4 83.Rg8 Kh3 84.Rg7 Rf6
85.Rg8 Ra6 86.Kf2 Ra7 87.Rg6 Ra3 88.Rg8 Rg3 89.Rh8 Rg4 90.Kf3 Rg6 91.Kf2 Rg3
92.Rh7 Rg8 93.Rh6 Rg4 94.Kf3 Rg1 95.Kf2 Rg8 96.Rh7 Rf8+ 97.Kg1 Rb8 98.Kf2 Rb2+
99.Kf3 Rb4 100.Kf2 Kh2 101.Rg7 Rf4+ 102.Ke3 Rf8 103.Ke2 Rf4 104.Ke3 Rf1 105.Ke2 Rg1
106.Rh7 h3 107.Kf2 Rg2+ 108.Kf1 Rg4 109.Kf2 Rf4+ 110.Ke3 Rf1 111.Ke2 Rf5
112.Ke3 Kg2 113.Rg7+ Kf1 114.Rh7 Ra5 115.Kf3 Ra3+ 116.Ke4 Kg2 117.Rb7 h2
118.Rb2+ Kh3 119.Rb1 Rg3 120.Kd4  0-1

[Event "South Bohemia Open"]
[Site "Cesky Krumlov CZE"]
[Date "2009.11.17"]
[Round "5"]
[White "Loktiev,I"]
[Black "Kredl,K"]
[Result "1/2-1/2"]
[WhiteElo "2260"]
[BlackElo "2077"]

1.d4 Nf6 2.c4 e6 3.Nf3 b6 4.g3 Ba6 5.Qa4 Bb7 6.Bg2 c5 7.O-O cxd4 8.Nxd4 Bxg2
9.Kxg2 Qc7 10.Nc3 Qb7+ 11.Kg1 Nc6 12.Qd1 Bc5 13.Ndb5 O-O 14.Bg5 Be7 15.Rc1 a6
16.Nd4 Rac8 17.b3 Rfd8 18.Nxc6 Qxc6 19.Qd3 h6 20.Bf4 d6 21.Rfd1 Qb7 22.h3 Rd7
23.Be3 Rdd8 24.Qd4 Nd7 25.Qe4 Qb8 26.Nd5 Bf8 27.Nb4 Nc5 28.Qg4 Kh8 29.Qf3 Qc7
30.Nd3 Kg8 31.Qg4 Nxd3 32.Rxd3 Kh8 33.Qd4 Rb8 34.Qb2 Kg8 35.Bf4 Rd7 36.Qd2 Rbd8
37.Rd1 Qc6 38.Rc1 Qb7 39.Qc2 Be7 40.Rd2 Qc6 41.e4 Rc8 42.Qd3 Rdd8 43.Rdc2 Qb7
44.Be3 Bf6 45.Bd4  1/2-1/2

[Event "British Rapidplay"]
[Site "Halifax ENG"]
[Date "2009.11.21"]
[Round "3"]
[White "Addison,B"]
[Black "Hawkins,Jo"]
[Result "1/2-1/2"]
[WhiteElo "2266"]
[BlackElo "2383"]

1.d4 Nf6 2.c4 e6 3.Nf3 b6 4.g3 Ba6 5.b3 Bb4+ 6.Bd2 Be7 7.Bc3 c6 8.Ne5 d5
9.Nd7 Nbxd7 10.Nd2 O-O  1/2-1/2

[Event "ch-IND National A"]
[Site "Mumbai IND"]
[Date "2009.12.09"]
[Round "8"]
[White "Arun Prasad,S"]
[Black "Prathamesh,S"]
[Result "1-0"]
[WhiteElo "2570"]
[BlackElo "2382"]

1.d4 Nf6 2.c4 e6 3.Nf3 b6 4.g3 Ba6 5.Qc2 Bb4+ 6.Bd2 Be7 7.e4 d5 8.cxd5 Bxf1
9.Kxf1 exd5 10.e5 Ne4 11.Nc3 Nxd2+ 12.Nxd2 Qd7 13.f4 Nc6 14.Nf3 O-O-O 15.Kg2 f5
16.Rac1 Kb7 17.a3 Rc8 18.Rhe1 Qe6 19.b4 h6 20.Re3 Nb8 21.Nd1 c6 22.Rc3 a6
23.Nf2 g5 24.Nd3 g4 25.Nh4 Rhf8 26.a4 Nd7 27.Qa2 Nb8 28.Kf2 Bxh4 29.gxh4 Nd7
30.b5 Nb8 31.bxa6+ Nxa6 32.Qb2 Ka7 33.Rb3 Rb8 34.Kg3 Rf7 35.Rb1 Rfb7 36.Nc5 Nxc5
37.dxc5 Ka8 38.cxb6 c5 39.Rb5 Rc8 40.a5 d4 41.a6  1-0

[Event "Open Ch-Skopje"]
[Site "Skopje MKD"]
[Date "2009.12.12"]
[Round "1"]
[White "Mitkov,M"]
[Black "Petrovski,I"]
[Result "1-0"]
[WhiteElo "2395"]
[BlackElo "2016"]

1.d4 Nf6 2.c4 e6 3.Nf3 b6 4.g3 Ba6 5.Qa4 c5 6.Bg2 Bb7 7.O-O Be7 8.Nc3 O-O
9.dxc5 bxc5 10.Rd1 d6 11.Bf4 Qb6 12.Qb5 Qc7 13.Qb3 a6 14.Rd2 Nc6 15.Qd1 Nd4
16.e3 Nxf3+ 17.Bxf3 Rfd8 18.b3 h6 19.Bxd6 Bxd6 20.Bxb7 Rab8 21.Bf3 Be5 22.Rc1 Qa5
23.Rxd8+ Rxd8 24.Qc2 Bxc3 25.Qxc3 Qxc3 26.Rxc3 Rd2 27.a3 a5 28.b4 axb4 29.axb4 cxb4
30.Rb3 e5 31.Bb7 Rc2 32.Rxb4 g6 33.Bd5 Rd2 34.e4 Rd4 35.f3 Nxd5 36.exd5 Kf8
37.Kf2 h5 38.Ke3 Ke7 39.f4 f6 40.Rb7+ Ke8 41.Rc7 g5 42.fxe5 fxe5 43.Rg7 Rxc4
44.Rxg5 Ke7 45.Rxe5+  1-0